Proceedings VIIIth International Conference Preparation of Ceramic Materials Herľany, 9th-11th of June, 2009
| Korporatívny autor: | |
|---|---|
| Ďalší autori: | |
| Médium: | Konferenčný príspevok Kniha |
| Jazyk: | angličtina slovenčina čeština |
| Fyzický popis: | 175 s. fotogr., sch., tab. 29 cm |
| Vydavateľské údaje: |
V Košiciach
Technická univerzita
2009
|
| ISBN: | 9788055302089 (brož.) |
| Vydanie: | [1st ed.] |
| Predmet: |
MARC
| LEADER | 00000nam a2200000 a 4500 | ||
|---|---|---|---|
| 001 | vtls009956481 | ||
| 003 | SK-MaSNL | ||
| 005 | 20260302010820.0 | ||
| 008 | 250414s2009 xo ol f a 100 0 eng | ||
| 015 | |a SNBA2009/12-05852 | ||
| 020 | |a 9788055302089 (brož.) | ||
| 035 | |a a6554085-a9c9-4023-87cd-5a912d9a9bfc | ||
| 035 | |a urn:nbn:sk:snk-amjsrk | ||
| 035 | |a urn:nbn:sk:snk:ar-a0c1z9 | ||
| 040 | |a SNK |b slo |c SNK |e AACR2 | ||
| 041 | 0 | |a eng |a slo |a cze |b eng |b cze | |
| 044 | |a xo |c SK | ||
| 072 | 7 | |a 666 |x Sklárstvo. Keramika. Cement |2 konspekt | |
| 080 | |a 666.3-1 |2 2001 | ||
| 080 | |a 001.126-029:6 |2 2001 | ||
| 080 | |a (062.534) |2 2001 | ||
| 111 | 2 | |a Preparation of Ceramic Materials |n (8. : |d 2009 : |c Herľany, Slovensko) |9 650424 | |
| 245 | 0 | 0 | |a Proceedings VIIIth International Conference Preparation of Ceramic Materials |b Herľany, 9th-11th of June, 2009 |c [editors: Beatrice Plešingerová ... [et al.]] |
| 246 | 1 | 1 | |a Zborník VIII. medzinárodnej konferencie Príprava keramických materiálov |
| 250 | |a [1st ed.] | ||
| 260 | |a V Košiciach |b Technická univerzita |c 2009 | ||
| 300 | |a 175 s. |b fotogr., sch., tab. |c 29 cm | ||
| 504 | |a Bibliogr. odkazy | ||
| 546 | |a Text aj slov. a čes. Res. angl. a čes | ||
| 650 | 0 | 7 | |a keramické materiály |2 SNKPH |9 3663 |
| 650 | 0 | 7 | |a Ceramic materials |2 SNKPHeng |9 398014 |
| 650 | 0 | 7 | |a technológia |2 SNKPH |9 66619 |
| 650 | 0 | 7 | |a Technology |2 SNKPHeng |9 266383 |
| 655 | 7 | |a zborníky konferencií |2 SNKPH |9 70153 | |
| 655 | 7 | |a Proceedings of conferences |2 SNKPHeng |9 265791 | |
| 655 | 7 | |a issue_zb |2 SNK |9 276493 | |
| 700 | 1 | |a Plešingerová, Beatrice |4 edt |9 40562 | |
| 852 | |a Slovenská národná knižnica | ||
| 919 | |a 978-80-553-0208-9 | ||
| 954 | |a odborná, vedecká literatúra pôvodná (slovenská) |2 lita | ||
| 954 | |a odborná, vedecká literatúra cudzojazyčná (svetová) |2 lita | ||
| 958 | |a ART | ||
| 958 | |a NB | ||
| 958 | |a OND | ||
| 968 | |d 66/69 | ||
| 999 | |c 1003898 |d 1005828 | ||
| 952 | |a SNK |b SNK |y PREZ |7 0 |p 17A0633233 |o snkSB 78403 |i snk2009/17821 |8 0 |0 0 |1 0 |4 0 |d 2009-10-05 |f 1 |l 0 |r 2025-04-29 00:00:00 |w 2026-02-24 | ||
| 952 | |a SNK |b SNK |y VYP |7 0 |p 17A0633234 |o snkSB 78403 D1 |i snk2009/17823 |8 0 |0 0 |1 0 |4 0 |d 2009-10-05 |l 0 |r 2016-06-30 00:00:00 |w 2026-02-24 | ||


